[Event "Douglas IoM op-C"]
[Site "Douglas"]
[Date "2018.10.23"]
[Round "2"]
[White "Bak, Steve"]
[Black "De Santos, Andrew R"]
[Result "1-0"]
[WhiteElo "1322"]
[BlackElo "1639"]
[PlyCount "45"]
[EventDate "2018.10.22"]
[EventType "swiss"]
[EventRounds "7"]
[EventCountry "IOM"]
[SourceTitle "CBM 187 Extra"]
[Source "ChessBase"]
[SourceDate "2018.11.04"]
[SourceVersion "1"]
[SourceVersionDate "2018.11.04"]
[SourceQuality "1"]

1. e4 c5 2. Nc3 d6 3. f4 e6 4. Bb5+ Nc6 5. Bxc6+ bxc6 6. Nf3 Be7 7. d3 Bh4+ 8. g3 Be7 9. 0-0 Nf6 10. e5 dxe5 11. fxe5 Nd5 12. Ne4 0-0 13. a3 Bb7 14. c4 Nb6 15. Bg5 Bxg5 16. Nfxg5 Qd4+ 17. Kh1 Qxe5 18. Qh5 h6 19. Rxf7 Ba6 20. Raf1 Rxf7 21. Qxf7+ Kh8 22. Qf8+ Rxf8 23. Rxf8# 1-0